000 01585cam a22003374a 4500
999 _c1272
_d1272
001 16209591
003 GZU
005 20201001125139.0
008 100429s2011 enkab b 001 0 eng
010 _a 2010017830
020 _a9780415438810 (hbk)
020 _a9780415438827 (pbk)
020 _a9780203842911 (ebk)
040 _aDLC
_cDLC
_dDLC
050 0 0 _aHB 87
_bTUR 2010
082 0 0 _a330.12/6
_222
100 1 _aTurley, Gerard.
245 1 0 _aTransition economics :
_btwo decades on /
_cGerard Turley and Peter J. Luke.
260 _aLondon ;
_aNew York :
_bRoutledge,
_c2011.
300 _axv, 483 p. :
_bill., maps ;
_c26 cm.
504 _aIncludes bibliographical references (p. 445-465) and index.
505 0 _aPre-transition : the socialist system -- Stylised facts of transition : two decades on -- Initial conditions at the outset of transition -- Paradigms of transition -- Transition reforms and economic policies -- Enterprise reform and restructuring -- Performance and transition outcomes -- Labour markets in transition : a focus on Russia and China -- Economic transition : Russia versus China -- Lessons from transition.
650 0 _aEconomic history
_vCase studies.
650 0 _aMixed economy
_vCase studies.
650 0 _aStructural adjustment (Economic policy)
_vCase studies.
650 0 _aSocial change
_vCase studies.
700 1 _aLuke, Peter J.
906 _a7
_bcbc
_corignew
_d1
_eecip
_f20
_gy-gencatlg
942 _cBK
_h87
_iTUR
_kHB